Statistics for Harry Potter and the Prisoner of Azkaban Chapter Titles

Click here to take the quiz!

General Stats

  • This quiz has been taken 134 times
  • The average score is 17 of 22

Answer Stats

Chapter #ClueAnswer% Correct
5Really foul, nasty, horrible magical creatures. Got chocolate?The Dementor
98%
3Harry is introduced to another means of wizard travelThe Knight Bus
94%
4Harry enjoys a three week luxury vacation at...The Leaky Cauldron
88%
10We find out the secret to the Weasley twins success, and Harry's parents' demiseThe Marauder's Map
87%
1Harry's friends send him birthday presentsOwl Post
84%
11Harry gets a really good Christmas presentThe Firebolt
84%
12Professor Lupin teaches Harry a few tricks.The Patronus
83%
8How will Gryffindors get into their common room now?!Flight of the Fat Lady
79%
22Harry gets permission to go to Hogsmeade and Ron gets a new petOwl Post Again
77%
13Harry thinks the opposing quidditch team's seeker is really cuteGryffindor Versus Ravenclaw
76%
15Oliver Wood cries happy tearsThe Quidditch Final
76%
18We learn the backstory of the creators of the Marauder's MapMoony, Wormtail, Padfoot, and Prongs
76%
17Three animals aren't quite what they seemCat, Rat, and Dog
73%
20Harry almost has his first "snog" while trying to save his godfatherThe Dementor's Kiss
73%
7Snape in a dress and vulture hat!The Boggart in the Wardrobe
72%
2There's someone out there even worse than the Dursleys, and--surprise--she's related to themAunt Marge's Big Mistake
72%
9Harry sees a death omen during a Quidditch matchGrim Defeat
71%
6Hagrid tries his best, and Trelawney is ridiculousTalons and Tea Leaves
71%
16Perhaps the Divination teacher isn't such a fraudProfessor Trelawney's Prediction
70%
21One of Harry's best friends has something important to show himHermione's Secret
68%
14A small glimpse into why Snape hates Harry's dadSnape's Grudge
66%
19Peter Pettigrew is a, well, ratThe Servant of Lord Voldemort
64%

Score Distribution

Percentile by Number Answered

Percent of People with Each Score

Your Score History

You have not taken this quiz